Αυτογνωσία-αυτοανάλυση-αυτοέλεγχος : ψυχολογική θεώρηση

Saved in:
Bibliographic Details
Main Author: Καλαντζή-Αζίζι, Αναστασία
Format: Book
Language:Greek
Published: Αθήνα : Διφρός, 1984
Subjects:
Tags: Add Tag
No Tags, Be the first to tag this record!

MARC

LEADER 00000nam a2200000 i 4500
001 1/86511
008 960913s1984 gre d
035 |a 1992  |b 3  |c Πολεμικός  |l 10034993 
040 |a GR-MY-UA  |b gre  |e aacr 
041 0 |a gre 
082 0 |a 155.2 
100 1 |a Καλαντζή-Αζίζι, Αναστασία. 
245 1 0 |a Αυτογνωσία-αυτοανάλυση-αυτοέλεγχος :  |b ψυχολογική θεώρηση /  |c Αναστασία Καλαντζή-Αζίζι 
260 |a Αθήνα :   |b Διφρός,   |c 1984 
300 |a 192 σ. 
650 0 0 |a Self-perception. 
650 0 0 |a Personality. 
852 |a INST  |b RHODES  |e 19960913  |h 155.2 ΚΑΛ  |p 005400005980  |q 005400005980  |t BK  |y 0 
909 |a Ρ  |b 025062  |c 1992 
970 |z 2000/07/ΚΑΤΕΡΙΝΑ